000 01472nam a22002775i 4500
001 162690
003 ES-MaACL
005 20250907063123.0
008 050627s1732 sz | |||||||| ||fre d
040 _aCAM
_bspa
_cCAM
100 1 _aPufendorf, Samuel,
_cFreiherr von,
_d1632-1694
_9131409
245 1 3 _aLe droit de la nature et des gens ou Systeme general des principes les plus importans de la morale, de la jurisprudence et de la politique
_b: ou Systeme general des principes les plus importans de la morale, de la jurisprudence et de la politique : tome second /
_ctraduit du latin de feu Mr. le baron de Pufendorf par Jean Barbeytac ...; avec des notes du traducteur & une préface...
260 _aA Basle :
_bchez E. & J.R. Thourneisen, Freres,
_c1732.
300 _a[4], 506, [34], 20 p. :
_bil. ;
_c4º (25 cm)
595 _aMención de ed. precede a la mención de parte.
597 _a*2, A-3A4, 3Y, A-B4, C2.
597 _aPort. a dos tintas con esc. calc.
597 _aTexto a línea tirada con los comentarios a dos col.
599 _aEl esc. calc: "G. Bademaker delin., G. Gouwen esculp.", alegórico.
650 0 7 _aDerecho natural
_2embne
_911744
700 1 _aBarbeytac, Jean.
_9125804
740 0 _aSysteme general des principes les plus importans de la morale, de la jurisprudence et de la politique.
852 _aES-MaACL
_jR-1040-41
_z-- Enc. hol.
_x-- Olim: G-6989- 90
999 _c162690
_d162690